| 000 | 01064nam a2200325Ia 4500 | ||
|---|---|---|---|
| 001 | dia_6307 | ||
| 003 | CHAP | ||
| 005 | 20251021150428.0 | ||
| 008 | 220117s1967 xx 000 0 und d | ||
| 010 | _a177474 | ||
| 040 | _cCHAP | ||
| 082 | _a543.08 W55 1967 | ||
| 100 |
_aWillard, Hobart H. _9121991 |
||
| 245 |
_aMetodos instrumentales de análisis / _c Hobart H. Willard, Lynne L. Merritt y John A. Dean ; traducción Pablo Gurza Bracho |
||
| 260 |
_aMéxico : _b Continental, _c1967 |
||
| 300 | _a964 p. | ||
| 500 | _aTítulo original: Instrumental methods of analysis | ||
| 503 | _aD. | ||
| 504 | _aIncluye bibliografías | ||
| 590 | _aQD79.I5 W55 1967 | ||
| 650 |
_aAnálisis instrumental _9161291 |
||
| 650 |
_aInstrumental analysis _9161292 |
||
| 700 |
_aDean, John A., coaut. _9139412 |
||
| 700 |
_aGurza Bracho, Pablo, tr. _9161293 |
||
| 700 |
_aMerritt, Lynne Lionel, coaut. _9161294 |
||
| 901 | _a543.08 W55 1967 | ||
| 902 | _aA | ||
| 905 | _a5232271967 mx admn8222223322spa16 | ||
| 942 |
_cLIBRO _2ddc |
||
| 999 |
_c177474 _d177474 |
||